| 000 | 00406pab a2200169 454500 | ||
|---|---|---|---|
| 008 | 180718b2001 xxu||||| |||| 00| 0 eng d | ||
| 100 | _aPrasher, Rajeev | ||
| 245 | _aDirectors of private business schools | ||
| 260 | _c2001 | ||
| 300 | _ap.13-15,18 | ||
| 362 | _a23 Jul | ||
| 650 | _aSchools | ||
| 650 | _aPrivate education | ||
| 700 | _aPrasher, Ajay | ||
| 773 | _aUniversity News | ||
| 909 | _a49285 | ||
| 999 |
_c49285 _d49285 |
||